Mystery Country #2 - Statistics

General Stats
  • This quiz has been taken 87 times
  • The average score is 6 of 9
Answer Stats
Hint Answer % Correct
____ sapiens means "wise man" Homo
90%
Peninsula containing Portugal and Spain Iberia
89%
In NATO, the T represents what? Treaty
79%
Smallest island nation Nauru
71%
Sparta declared war on ____ in the Peloponnesian War Athens
70%
Where the Mississippi River flows into the Gulf of Mexico Louisiana
59%
To tame or keep as a pet or on a farm Domesticate
43%
Has a population density of less than 0.001 people per sq. km Antarctica
30%
Mystery Country (unscarmble the first letters of each answer) THAILAND
24%
No matching quizzes found
Score Distribution
Percent of People with Each Score
Percentile by Number Answered
Your Score History
You have not taken this quiz